The many faces of homosexuality : anthropological approaches to homosexual behavior /

Salvato in:
Dettagli Bibliografici
Altri autori: Blackwood, Evelyn
Natura: Libro
Lingua:inglese
Pubblicazione: New York ; London : Harrington Park Press, c1986
Tags: Aggiungi Tag
Nessun Tag, puoi essere il primo ad aggiungerne!!

MARC

LEADER 00000nam a22000007i 4500
001 IT\ICCU\UBO\0259950
003 ItRI
005 20260115231827.0
008 970221s1986 xxu|||||| ||||| |||||c
020 |a 0918393205 
040 |b ita  |c importazione bologna sebina 
041 7 |a eng  |2 ISO-639-2 
245 0 4 |a The many faces of homosexuality :  |b anthropological approaches to homosexual behavior /  |c edited Evelyn Blackwood. 
260 |a New York ;  |a London :  |b Harrington Park Press,  |c c1986 
300 |a xiii, 217 p. ;  |c 21 cm. 
700 1 |a Blackwood, Evelyn  |0 IT\ICCU\UBOV\101487 
942 |2 ddc  |c BK  |n 0 
952 |0 0  |1 0  |4 0  |6 DOC_306_766000000000000_BLA  |7 0  |9 13660  |a BO  |b BO  |d 2026-01-15  |i 1577  |l 0  |o DOC 306.766 BLA  |p BO1577  |r 2026-01-15 23:18:27  |w 2026-01-15  |x [Sebina 5] [1 v.]  |y BK  |z 1 v. 
999 |c 11753  |d 11753